Pressure vessel design: the direct route

Saved in:
Bibliografiske detaljer
Main Authors: Zeman, Josef L (Author), Rauscher, Franz (Author), Schindler, Sebastian (Author)
Format: Bog
Sprog:engelsk
Udgivet: Oxford Elsevier 2006
Udgivelse:1a. ed
Fag:
Tags: Tilføj Tag
Ingen Tags, Vær først til at tagge denne postø!

MARC

LEADER 00000nam a2200000 a 4500
001 UCJ9149
003 CL-VaPUC
008 070309e20060000UK |||||||||||||||||eng|d
020 |a 0080449506 
082 0 4 |a 681.76041  |b ZEM  |2 21 
100 0 |a Zeman, Josef L  |e author  |9 519037 
700 0 |a Rauscher, Franz  |e author  |9 519038 
700 0 |a Schindler, Sebastian  |e author  |9 519039 
245 1 0 |a Pressure vessel design: the direct route 
250 |a 1a. ed 
300 |a 301 p 
942 |c BK 
945 |d 20070309 00:00:00  |a cmena 
260 |a Oxford  |b Elsevier  |c 2006 
650 0 |a Recipientes a presión  |9 474456 
650 7 |a EQUIPOS DE LABORATORIO  |2 CL-VaPUC  |9 471379 
650 0 |a Instrumentos científicos   |9 359809 
650 0 |a Métodos de investigación   |9 262618 
583 |a last modification  |c 20070309 00:00:00  |k Rodrigo Vera 
999 |c 324740  |d 324738 
952 |0 0  |1 0  |4 0  |6 681_760410000000000_ZEM_2006  |7 0  |8 A  |9 405081  |a BIBING  |b BIBING  |d 2019-11-22  |i 4315251  |o 681.76041 ZEM 2006  |p 4315251  |r 2025-01-20  |w 2019-11-22  |y BK  |k EIQ